000 00310nam a22001337a 4500
008 170529b xxu||||| |||| 00| 0 eng d
020 _a9781560324850
041 _aeng
080 _a62
100 _a27
101 _aim
245 _aBOILING HEAT TRANSFER TWO PHASE FLOW
_cTONG.L.S
942 _2udc
_cBK
999 _c14850
_d14850